Central Library OPAC University of Rajshahi

English critical essays, twentieth century / (Record no. 21203)

MARC details
000 -LEADER
fixed length control field 00946cam a22003131 4500
001 - CONTROL NUMBER
control field 21203
003 - CONTROL NUMBER IDENTIFIER
rucl marc code BD-RjUL
005 - DATE AND TIME OF LATEST TRANSACTION
control field 20211209000647.0
008 - FIXED-LENGTH DATA ELEMENTS--GENERAL INFORMATION
fixed length control field 140303s19541933enk 000 0 eng d
035 ## - SYSTEM CONTROL NUMBER
System control number (BD-RJUL)21267
System control number (OCoLC)ocm15864882
System control number (CStRLIN)NYCG89-B25217
System control number (BD-RjUL)
System control number (NNC)726076
040 ## - CATALOGING SOURCE
Original cataloging agency NNC
Transcribing agency NNC
Language of cataloging eng
041 ## - LANGUAGE CODE
Language code of text/sound track or separate title eng
082 ## - DEWEY DECIMAL CLASSIFICATION NUMBER
Author mark and year JOE 1954
100 1# - MAIN ENTRY--PERSONAL NAME
Personal name Jones, Phyllis M.,
9 (RLIN) 65533
245 10 - TITLE STATEMENT
Title English critical essays, twentieth century /
Statement of responsibility, etc. selected with an introduction by Phyllis M. Jones.
260 ## - PUBLICATION, DISTRIBUTION, ETC. (IMPRINT)
Place of publication, distribution, etc. London :
Name of publisher, distributor, etc. Oxford University Press, H. Milford,
Date of publication, distribution, etc. 1954.
300 ## - PHYSICAL DESCRIPTION
Pagination xv, 399 p. ;
Size 16 cm.
490 1# - SERIES STATEMENT
Series statement The World's classics. 405
650 #0 - SUBJECT ADDED ENTRY--TOPICAL TERM
Topical term or geographic name as entry element English literature
General subdivision History and criticism.
9 (RLIN) 65534
Topical term or geographic name as entry element Criticism.
9 (RLIN) 65535
Topical term or geographic name as entry element English essays.
9 (RLIN) 65536
830 #0 - SERIES ADDED ENTRY--UNIFORM TITLE
Volume number/sequential designation 405.
Uniform title World's classics ;
942 ## - ADDED ENTRY ELEMENTS (KOHA)
Source of classification or shelving scheme Dewey Decimal Classification
Koha item type Books
Holdings
Lost status Source of classification or shelving scheme Damaged status Not for loan Collection code Permanent Location Current Location Shelving location Date acquired Source of acquisition Cost, normal purchase price Total Checkouts Full call number Date last seen Copy number Koha item type
  Dewey Decimal Classification   Added to bundle Fiction Central Library, University of Rajshahi Central Library, University of Rajshahi Reading Room 25/10/1954 O.U.P. 2.13   824 ENG 1954 03/03/2014 C-1 Books